| 000 | 00537cam a2200193ua 4500 | ||
|---|---|---|---|
| 001 | 5357 | ||
| 008 | 120825n cc |||gr||||Z||||||hin | ||
| 040 | _cMAIN | ||
| 082 | _a294.382322 | ||
| 100 |
_aSharan, Rishikesh, _eTranslator. |
||
| 245 | 1 | 1 |
_aDhammapada : _bpart 15-21(gatha aur kotha) / _ctrns. by Rishikesh Sharan . |
| 250 | _bV 3. | ||
| 260 |
_aTaiwan: _bThe corporate body of the buddha educational foundation, _c2010. |
||
| 300 | _a256p. | ||
| 653 | _aReligion | ||
| 653 | _aBuddhism | ||
| 653 | _aDhammapada | ||
| 942 | _cBK | ||
| 999 |
_c4538 _d4538 |
||